[Event "XXV Memorial Edoardo Crespi A"]
[Site "Milano ITA"]
[Date "2004.12.05"]
[Round "2"]
[White "Di Donato, Giovanni"]
[Black "Ranola, Yves"]
[Result "0-1"]
[WhiteElo "2142"]
[BlackElo "2449"]
[PlyCount "64"]
[EventDate "2004.12.04"]

1. e4 c5 2. c3 d6 3. d4 Nf6 4. Bd3 g6 5. Be3 Ng4 6. Bb5+ Nc6 7. Bf4 cxd4 8.
cxd4 Qb6 9. Bxc6+ bxc6 10. Qd2 e5 11. Be3 Rb8 12. b3 Nxe3 13. fxe3 Bh6 14. Nc3
Bxe3 15. Qxe3 exd4 16. Na4 dxe3 17. Nxb6 Rxb6 18. Ke2 O-O 19. Nf3 Re8 20. Rad1
d5 21. exd5 Ba6+ 22. Ke1 cxd5 23. Rxd5 Rc6 24. Rd1 Rc2 25. a4 Rxg2 26. Nd4 Rd8
27. Nb5 Rxd1+ 28. Kxd1 Bxb5 29. axb5 f5 30. h4 f4 31. Rh3 Rg3 32. Rh2 f3 0-1

[Event "XXV Memorial Edoardo Crespi A"]
[Site "Milano ITA"]
[Date "2004.12.05"]
[Round "2"]
[White "Dragojlovic, Andjelko"]
[Black "Bernago, Federico"]
[Result "1-0"]
[WhiteElo "2298"]
[BlackElo "1999"]
[PlyCount "105"]
[EventDate "2004.12.04"]

1. e4 c5 2. Nf3 a6 3. c3 d5 4. exd5 Qxd5 5. d4 Nc6 6. Be2 cxd4 7. cxd4 e6 8.
Nc3 Bb4 9. O-O Bxc3 10. bxc3 Nge7 11. c4 Qd7 12. Ba3 O-O 13. d5 exd5 14. cxd5
Qxd5 15. Qxd5 Nxd5 16. Bxf8 Kxf8 17. Rac1 Nf4 18. Rfe1 Bg4 19. Rc4 Nxe2+ 20.
Rxe2 Be6 21. Rc5 Rd8 22. h3 Nd4 23. Nxd4 Rxd4 24. a3 g6 25. Re3 Kg7 26. Rc7 Rd7
27. Rxd7 Bxd7 28. Re7 Bc6 29. f4 Kf6 30. Rc7 h5 31. g3 Ke6 32. Kf2 Kf6 33. Ke3
Bg2 34. a4 Bc6 35. a5 Bg2 36. h4 Ke6 37. Rc3 Kd6 38. Kd4 Bc6 39. f5 Bd7 40.
fxg6 fxg6 41. Re3 Bf5 42. Rb3 Kc6 43. Rb6+ Kc7 44. Rf6 Bb1 45. Kc5 Be4 46. Rf7+
Kb8 47. Kb6 Kc8 48. Rc7+ Kb8 49. Re7 Bc6 50. Re6 Kc8 51. Rxg6 Bf3 52. Rg7 Be4
53. g4 1-0

[Event "XXV Memorial Edoardo Crespi A"]
[Site "Milano ITA"]
[Date "2004.12.05"]
[Round "2"]
[White "Fezza, Davide"]
[Black "Di Lascio, Savino"]
[Result "0-1"]
[WhiteElo "2083"]
[BlackElo "2000"]
[PlyCount "74"]
[EventDate "2004.12.04"]

1. e4 c6 2. d4 d5 3. exd5 cxd5 4. Bd3 Nc6 5. c3 g6 6. Bf4 Bg7 7. Nf3 Nh6 8.
Nbd2 O-O 9. O-O f6 10. Re1 Nf7 11. h4 e5 12. dxe5 fxe5 13. Bg5 Nxg5 14. Nxg5 e4
15. Ndxe4 dxe4 16. Bc4+ Kh8 17. Nf7+ Rxf7 18. Bxf7 Qxh4 19. g3 Qf6 20. Bd5 Bf5
21. Bxe4 Bxe4 22. Rxe4 Ne5 23. Qe2 h5 24. Rd1 Kh7 25. Kg2 Rf8 26. c4 Qc6 27. b3
Rf5 28. f4 Ng4 29. Qf3 Ra5 30. a4 b5 31. Rd5 Nf6 32. axb5 Qb6 33. f5 Nxd5 34.
Re6 Ra2+ 35. Kh3 Qg1 36. Kh4 Rh2+ 37. Kg5 Bh6# 0-1

[Event "XXV Memorial Edoardo Crespi A"]
[Site "Milano ITA"]
[Date "2004.12.05"]
[Round "2"]
[White "Gabetto, Flaviano"]
[Black "Aranovitch, Emiliano"]
[Result "1-0"]
[WhiteElo "2128"]
[BlackElo "2304"]
[PlyCount "45"]
[EventDate "2004.12.04"]

1. e4 c5 2. b4 cxb4 3. d4 d5 4. e5 Nc6 5. a3 Bf5 6. axb4 Nxb4 7. Bb5+ Nc6 8. c3
e6 9. Ne2 Qc7 10. O-O a6 11. Ba4 Ra7 12. c4 Bxb1 13. Rxb1 dxc4 14. d5 exd5 15.
Nd4 Nge7 16. Ba3 b5 17. Bxb5 axb5 18. Nxb5 Qxe5 19. Re1 Qg5 20. Nxa7 Kd8 21.
Bxe7+ Nxe7 22. Rb8+ Kc7 23. Qb1 1-0

[Event "XXV Memorial Edoardo Crespi A"]
[Site "Milano ITA"]
[Date "2004.12.05"]
[Round "2"]
[White "Guanciale, Orazio"]
[Black "Profumo, Alberto"]
[Result "1/2-1/2"]
[WhiteElo "2105"]
[BlackElo "2238"]
[PlyCount "63"]
[EventDate "2004.12.04"]

1. d4 Nf6 2. Nc3 d5 3. Bg5 Nbd7 4. Qd2 h6 5. Bh4 Nb6 6. O-O-O Bf5 7. f3 c6 8.
Qe1 g5 9. Bg3 e6 10. e4 Bg6 11. Be5 Bg7 12. h4 Qe7 13. hxg5 hxg5 14. Rxh8+ Bxh8
15. Nh3 O-O-O 16. Nxg5 dxe4 17. Ngxe4 Nxe4 18. Nxe4 Bxe5 19. dxe5 Bxe4 20.
Rxd8+ Qxd8 21. Qxe4 Qg5+ 22. f4 Qg3 23. c4 Qf2 24. Be2 Na4 25. Kc2 Nc5 26. Qf3
Qd4 27. b4 Na4 28. Qb3 Qe4+ 29. Kd1 Qd4+ 30. Kc2 Qe4+ 31. Kd1 Qd4+ 32. Kc2
1/2-1/2

[Event "XXV Memorial Edoardo Crespi A"]
[Site "Milano ITA"]
[Date "2004.12.05"]
[Round "2"]
[White "Iudicello, Giovanni"]
[Black "Contin, Daniel"]
[Result "1-0"]
[WhiteElo "2133"]
[BlackElo "2358"]
[PlyCount "117"]
[EventDate "2004.12.04"]

1. Nf3 c5 2. g3 b6 3. Bg2 Bb7 4. d3 g6 5. e4 Bg7 6. O-O d6 7. Qe2 Nf6 8. a4 a6
9. Nbd2 O-O 10. c3 Qc7 11. Ne1 Nc6 12. f4 b5 13. g4 b4 14. Nc4 Nd7 15. Bd2 Nb6
16. Ne3 Na5 17. Qd1 bxc3 18. Bxc3 Bxc3 19. bxc3 c4 20. d4 Nb3 21. Ra2 Bc6 22.
f5 Nxa4 23. Rc2 Qb7 24. Qf3 f6 25. h4 Nxc3 26. Rxc3 Nxd4 27. Qd1 Qb6 28. Kh2
Nb5 29. Rxc4 Qxe3 30. Rxc6 Rfc8 31. Qd5+ Kf8 32. fxg6 hxg6 33. Nf3 Nc3 34.
Rxc8+ Rxc8 35. Qe6 Rc5 36. Ng5 Rxg5 37. hxg5 Ne2 38. Qc8+ Kf7 39. Qc4+ Kf8 40.
Rf3 Qg1+ 41. Kh3 Qe1 42. Rb3 Kg7 43. gxf6+ Kxf6 44. Rf3+ Kg5 45. Kh2 Qg1+ 46.
Kh3 Qa1 47. Qd5+ e5 48. Qd2+ Nf4+ 49. Kh2 Kh4 50. Qxd6 Qe1 51. Qxe5 g5 52. Qf5
Qd2 53. Rxf4 Qxf4+ 54. Qxf4 gxf4 55. e5 Kg5 56. Bd5 a5 57. Kg2 a4 58. Kf3 a3
59. Bb3 1-0

[Event "XXV Memorial Edoardo Crespi A"]
[Site "Milano ITA"]
[Date "2004.12.05"]
[Round "2"]
[White "Martinez, Rolly"]
[Black "Pepe, Mario"]
[Result "1-0"]
[WhiteElo "2360"]
[BlackElo "2151"]
[PlyCount "109"]
[EventDate "2004.12.04"]

1. e4 Nf6 2. Nc3 d5 3. e5 d4 4. Nce2 Nfd7 5. e6 Nf6 6. exf7+ Kxf7 7. Nf3 Nc6 8.
Ng3 g6 9. c3 Kg7 10. Bb5 d3 11. O-O Qd5 12. Qb3 Qd6 13. Qc4 a6 14. Bxc6 bxc6
15. Re1 Qd5 16. Qxd5 cxd5 17. Ne5 e6 18. Nxd3 Bd6 19. Ne5 c5 20. d4 a5 21. dxc5
Bxc5 22. Be3 Bd6 23. Bd4 Bxe5 24. Bxe5 Kf7 25. Re3 Rf8 26. Rf3 Ke7 27. Re1 Nd7
28. Rxf8 Nxf8 29. Ne2 Nd7 30. Nd4 Nc5 31. Re3 Bd7 32. b3 Rc8 33. g4 Rf8 34. Kg2
Ne4 35. f3 Nc5 36. Kf2 Nb7 37. Ke2 Nd8 38. Bc7 Nb7 39. Kd2 Rc8 40. Be5 Nd8 41.
f4 Kf7 42. Rh3 Kg8 43. a4 Nb7 44. Nf3 Nc5 45. Ng5 h5 46. gxh5 Nxb3+ 47. Kc2
Nd4+ 48. Kd3 Nc6 49. hxg6 Nxe5+ 50. fxe5 Bxa4 51. Rh7 Bb5+ 52. Kd2 Re8 53. Nf7
Re7 54. Nh6+ Kf8 55. Rxe7 1-0

[Event "XXV Memorial Edoardo Crespi A"]
[Site "Milano ITA"]
[Date "2004.12.05"]
[Round "2"]
[White "Milan, Paolo"]
[Black "Petrini, Roberto"]
[Result "0-1"]
[WhiteElo "1928"]
[BlackElo "2074"]
[PlyCount "54"]
[EventDate "2004.12.04"]

1. d4 Nf6 2. Nf3 g6 3. g3 Bg7 4. Bg2 O-O 5. O-O d6 6. Re1 Nbd7 7. b3 e5 8. e3
e4 9. Ng5 Qe7 10. c4 h6 11. Nh3 c6 12. Nc3 Re8 13. Bb2 Nf8 14. Rc1 Bg4 15. Qc2
N8h7 16. b4 Rac8 17. a4 Qd7 18. Nf4 Ng5 19. h3 Nxh3+ 20. Nxh3 Bxh3 21. Nxe4
Nxe4 22. Bxe4 d5 23. Bd3 Bg4 24. cxd5 cxd5 25. Qb3 Bf3 26. Kh2 Qg4 27. Rxc8
Qh5+ 0-1

[Event "XXV Memorial Edoardo Crespi A"]
[Site "Milano ITA"]
[Date "2004.12.05"]
[Round "2"]
[White "Nannelli, Paolo"]
[Black "Bosi, Clint"]
[Result "1-0"]
[WhiteElo "2185"]
[BlackElo "1990"]
[PlyCount "119"]
[EventDate "2004.12.04"]

1. Nf3 Nf6 2. c4 g6 3. g3 Bg7 4. Bg2 O-O 5. O-O c5 6. Nc3 d6 7. a3 Nbd7 8. d3
Rb8 9. Rb1 b6 10. b4 Bb7 11. Qb3 Bc6 12. b5 Bb7 13. h3 Qc7 14. e4 e6 15. Ne1
Ne8 16. Ne2 e5 17. Nc3 Kh8 18. Qd1 f5 19. exf5 Bxg2 20. Nxg2 Rxf5 21. Ne3 Rf7
22. Ned5 Qd8 23. Ne4 h6 24. Qg4 Nf8 25. a4 Nc7 26. Nxc7 Qxc7 27. Qh4 Qd7 28.
Nc3 Bf6 29. Qg4 Qxg4 30. hxg4 Kg7 31. Kg2 Ne6 32. Nd5 Nc7 33. Rh1 g5 34. Ne3
Rh8 35. Bd2 Ne6 36. Nf5+ Kg6 37. a5 Rd7 38. axb6 axb6 39. Ne3 Nc7 40. Rb3 d5
41. Bc1 Ra8 42. Bb2 Ra2 43. Nf5 Rh7 44. Re1 d4 45. Nd6 h5 46. gxh5+ Rxh5 47.
Ra1 Rxa1 48. Bxa1 Rh8 49. Ra3 Ra8 50. Rxa8 Nxa8 51. g4 Nc7 52. Bb2 Ne6 53. Bc1
Nf4+ 54. Bxf4 gxf4 55. Kf3 Kg5 56. Ne4+ Kg6 57. Nxf6 Kxf6 58. Ke4 Kg5 59. f3
Kh4 60. Kxe5 1-0

[Event "XXV Memorial Edoardo Crespi A"]
[Site "Milano ITA"]
[Date "2004.12.05"]
[Round "2"]
[White "Nardelli, Marco"]
[Black "Facchetti, Gianni"]
[Result "0-1"]
[WhiteElo "1999"]
[BlackElo "2203"]
[PlyCount "111"]
[EventDate "2004.12.04"]

1. e4 e5 2. Nf3 Nc6 3. Bb5 Bc5 4. O-O Nd4 5. Nxd4 Bxd4 6. c3 Bb6 7. d4 c6 8.
Ba4 d6 9. Be3 Nf6 10. d5 Bxe3 11. dxc6 O-O 12. fxe3 bxc6 13. Qf3 Qb6 14. Nd2
Ba6 15. Rf2 Qxb2 16. Rd1 Qb6 17. Qg3 Nd7 18. Bc2 Nc5 19. Nf3 Rad8 20. Nh4 Bc8
21. Rdf1 Be6 22. Nf5 Bxf5 23. Rxf5 Qc7 24. Qg5 f6 25. Qh4 Qe7 26. g4 h6 27. Qg3
g6 28. R5f2 Kg7 29. h4 Rb8 30. Qg2 g5 31. Qf3 gxh4 32. Bb1 Ne6 33. Rh2 Ng5 34.
Qe2 h3 35. Qc4 Qe6 36. Qxe6 Nxe6 37. Rxh3 Rb2 38. Rhf3 Nc5 39. Rf5 Re2 40. Rd1
Rd8 41. Bd3 Rxe3 42. Kf2 Rxd3 43. Rxd3 Nxe4+ 44. Ke3 d5 45. c4 Nd6 46. Rf1
Nxc4+ 47. Ke2 Rb8 48. Rb3 Rb6 49. Rc1 e4 50. Kf2 Kg6 51. Kg3 Ne5 52. Ra3 a6 53.
Rh1 c5 54. Kf4 Nd3+ 55. Ke3 Rc6 56. Rh5 {...} 0-1

[Event "XXV Memorial Edoardo Crespi A"]
[Site "Milano ITA"]
[Date "2004.12.05"]
[Round "2"]
[White "Papale, Carmelo"]
[Black "Giancotti, Eraldo"]
[Result "0-1"]
[WhiteElo "1924"]
[BlackElo "2093"]
[PlyCount "98"]
[EventDate "2004.12.04"]

1. e4 d6 2. d4 Nf6 3. Nc3 c6 4. Be3 Qa5 5. f3 Nbd7 6. Qd2 g6 7. Nge2 b5 8. Nc1
b4 9. N3e2 Rb8 10. a3 c5 11. Nb3 Qc7 12. axb4 cxb4 13. Nf4 Bg7 14. Be2 O-O 15.
Nd3 Nb6 16. Nxb4 Nfd7 17. O-O e6 18. Ra2 Nc4 19. Bxc4 Qxc4 20. Nd3 Nb6 21. Rxa7
Qc6 22. Na5 Qb5 23. Qb4 Qxb4 24. Nxb4 Nc4 25. Nxc4 Rxb4 26. b3 d5 27. exd5 exd5
28. Ne5 Be6 29. Rfa1 h6 30. Rc7 Kh7 31. Raa7 Bxe5 32. dxe5 d4 33. Bc1 d3 34.
cxd3 Rxb3 35. Ra3 Rb1 36. Kf2 Rd8 37. g4 g5 38. Kg3 Kg6 39. h4 gxh4+ 40. Kxh4
Rb4 41. Kg3 Rbd4 42. Rcc3 h5 43. Be3 Rb4 44. gxh5+ Kxh5 45. Rc2 Rg8+ 46. Kf2
Rh4 47. Ke1 Rh1+ 48. Ke2 Rg2+ 49. Bf2 Rhh2 0-1

[Event "XXV Memorial Edoardo Crespi A"]
[Site "Milano ITA"]
[Date "2004.12.05"]
[Round "2"]
[White "Podini, Francesco"]
[Black "D'Apa, Matteo"]
[Result "0-1"]
[WhiteElo "2075"]
[BlackElo "1973"]
[PlyCount "46"]
[EventDate "2004.12.04"]

1. e4 e5 2. Bc4 Nf6 3. d3 Bc5 4. Nc3 d6 5. f4 Bg4 6. Nf3 Nc6 7. h3 Bh5 8. g4
Nxg4 9. hxg4 Bxg4 10. Bxf7+ Kxf7 11. fxe5 dxe5 12. Bg5 Qd7 13. Rf1 Kg8 14. Qd2
h6 15. Be3 Bxe3 16. Qxe3 Nd4 17. O-O-O Nxf3 18. Rxf3 Bxf3 19. Qxf3 Kh7 20. Nd5
Rhf8 21. Qh5 Rae8 22. b3 Qf7 23. Qh3 c6 0-1

[Event "XXV Memorial Edoardo Crespi A"]
[Site "Milano ITA"]
[Date "2004.12.05"]
[Round "2"]
[White "Quagliarella, Sabino Remo"]
[Black "Brigati, Alessandro"]
[Result "0-1"]
[WhiteElo "2028"]
[BlackElo "1915"]
[PlyCount "116"]
[EventDate "2004.12.04"]

1. d4 Nf6 2. Nf3 g6 3. g3 Bg7 4. Bg2 d6 5. O-O O-O 6. c4 Nbd7 7. Nc3 c6 8. e4
Qc7 9. Qe2 e5 10. dxe5 dxe5 11. Rd1 Re8 12. h3 b6 13. b4 Bb7 14. Bb2 Rad8 15.
b5 Nc5 16. bxc6 Bxc6 17. Nd5 Bxd5 18. exd5 Nfe4 19. Nd2 Nd6 20. Rac1 f5 21. Nb3
Re7 22. Nxc5 bxc5 23. Qd2 Rde8 24. Rc2 Rb8 25. Ba3 e4 26. Qe3 Rc8 27. Rb1 Bd4
28. Qb3 e3 29. Bf3 exf2+ 30. Rxf2 Bxf2+ 31. Kxf2 Qa5 32. Qd3 Rce8 33. Bb2 Re3
34. Qc2 Qxa2 35. Ra1 Qxc4 36. Qxc4 Nxc4 37. Bf6 Nd2 38. Bh1 Re2+ 39. Kg1 Re1+
40. Rxe1 Rxe1+ 41. Kh2 Rxh1+ 42. Kxh1 Ne4 43. Be5 Kf7 44. Kg2 Nf6 45. Bd6 c4
46. Bc5 a6 47. d6 Ke6 48. Kf3 Ne4 49. Bb4 Nxd6 50. g4 Nb5 51. Kf4 fxg4 52. hxg4
h5 53. gxh5 gxh5 54. Ke4 c3 55. Kd3 Kd5 56. Be7 a5 57. Bf6 a4 58. Be7 a3 0-1

[Event "XXV Memorial Edoardo Crespi A"]
[Site "Milano ITA"]
[Date "2004.12.05"]
[Round "2"]
[White "Rezzonico, Paolo"]
[Black "Giannetta, Paolo"]
[Result "1/2-1/2"]
[WhiteElo "2000"]
[BlackElo "2104"]
[PlyCount "34"]
[EventDate "2004.12.04"]

1. e4 d6 2. d4 Nf6 3. Nc3 g6 4. Be2 Bg7 5. h4 c5 6. dxc5 Qa5 7. Kf1 Qxc5 8. Be3
Qa5 9. h5 gxh5 10. Nh3 Bxh3 11. Rxh3 Nc6 12. Rg3 Ng4 13. Bd2 Qc5 14. Bxg4 hxg4
15. Qxg4 Bd4 16. f4 h5 17. Qe2 O-O-O 1/2-1/2

[Event "XXV Memorial Edoardo Crespi A"]
[Site "Milano ITA"]
[Date "2004.12.05"]
[Round "2"]
[White "Rossi, Giampiero"]
[Black "Carbone, Lorenzo"]
[Result "1/2-1/2"]
[WhiteElo "2022"]
[BlackElo "1908"]
[PlyCount "104"]
[EventDate "2004.12.04"]

1. d4 d5 2. c4 e6 3. Nc3 Nf6 4. cxd5 exd5 5. Bg5 Be7 6. e3 O-O 7. Qc2 h6 8. Bh4
c6 9. Bd3 Nbd7 10. Nge2 b6 11. O-O Bb7 12. Rac1 Re8 13. f3 Rc8 14. Rfe1 c5 15.
Bf2 a6 16. Ng3 b5 17. dxc5 Nxc5 18. Bf5 Ne6 19. Qd2 b4 20. Nce2 Qa5 21. b3 Rxc1
22. Rxc1 Bd6 23. Rc2 h5 24. Bxe6 fxe6 25. a4 Qd8 26. Nd4 Qb8 27. Nf1 Kf7 28.
Bg3 Rh8 29. Qc1 Ne8 30. Nc6 Bxc6 31. Rxc6 Bxg3 32. hxg3 a5 33. Qc5 Qa8 34. Rc8
Qa6 35. Qc6 Qa7 36. Ra8 Qe7 37. Rxa5 Nf6 38. Qc5 Qxc5 39. Rxc5 Rb8 40. Rc7+ Kf8
41. Kf2 Ne8 42. Rc2 Nd6 43. Ke2 g5 44. Kd3 Ke7 45. e4 dxe4+ 46. fxe4 Kf6 47.
Ne3 Rd8 48. Rf2+ Kg6 49. Nf1 e5 50. Re2 Nf5+ 51. Kc4 Rc8+ 52. Kd3 Rd8+ 1/2-1/2

[Event "XXV Memorial Edoardo Crespi A"]
[Site "Milano ITA"]
[Date "2004.12.05"]
[Round "2"]
[White "Salvador, Roland"]
[Black "Pace, Pietro Dario"]
[Result "1-0"]
[WhiteElo "2315"]
[BlackElo "2130"]
[PlyCount "55"]
[EventDate "2004.12.04"]

1. d4 d5 2. Nf3 Nf6 3. c4 c6 4. Nc3 dxc4 5. e4 b5 6. e5 Nd5 7. a4 Nxc3 8. bxc3
e6 9. axb5 cxb5 10. Ng5 Bb7 11. Qh5 g6 12. Qg4 Be7 13. h4 h5 14. Qf4 Bxg5 15.
hxg5 Qd5 16. Rh4 Rf8 17. Ba3 Rg8 18. Be2 Nc6 19. Bd6 Qxg2 20. Bf3 Qg1+ 21. Ke2
Qxa1 22. Qf6 Nxd4+ 23. Rxd4 Bxf3+ 24. Qxf3 Rd8 25. Qb7 Rd7 26. Qb8+ Rd8 27.
Qxb5+ Rd7 28. Rxc4 1-0

[Event "XXV Memorial Edoardo Crespi A"]
[Site "Milano ITA"]
[Date "2004.12.05"]
[Round "2"]
[White "Valdivia, Rene"]
[Black "Barlocco, Carlo"]
[Result "1-0"]
[WhiteElo "2252"]
[BlackElo "2108"]
[PlyCount "59"]
[EventDate "2004.12.04"]

1. d4 g6 2. Nf3 Bg7 3. e4 d6 4. h3 Nc6 5. Be2 e5 6. c3 Nf6 7. d5 Nb8 8. Bd3 c6
9. c4 Nbd7 10. Nc3 O-O 11. Be3 cxd5 12. cxd5 Nc5 13. Bc2 b6 14. b4 Ncd7 15. Rc1
Ba6 16. Bd3 Bxd3 17. Qxd3 a5 18. a3 axb4 19. axb4 Ra3 20. Qb1 Qb8 21. Nb5 Ra4
22. O-O Rc8 23. Rc6 Ne8 24. Rfc1 Rxc6 25. dxc6 Nf8 26. Qb3 Ra7 27. Nxa7 Qxa7
28. Ng5 Qe7 29. Nxf7 Ne6 30. Ng5 1-0

[Event "XXV Memorial Edoardo Crespi A"]
[Site "Milano ITA"]
[Date "2004.12.05"]
[Round "2"]
[White "Zanetti, Alberto"]
[Black "Kidane, Robel"]
[Result "1-0"]
[WhiteElo "2210"]
[BlackElo "2095"]
[PlyCount "97"]
[EventDate "2004.12.04"]

1. f4 d5 2. Nf3 c5 3. e3 Nc6 4. Bb5 Nf6 5. b3 Bg4 6. Bb2 e6 7. O-O Bd6 8. h3
Bxf3 9. Qxf3 O-O 10. Bxc6 bxc6 11. d3 Nd7 12. Nd2 f5 13. Qg3 Qe7 14. Nf3 Rae8
15. Ne5 Nxe5 16. fxe5 Bc7 17. Ba3 Ba5 18. d4 Bb4 19. Bxb4 cxb4 20. a3 bxa3 21.
Ra2 Qb4 22. Rfa1 Rf7 23. Qf4 Rc8 24. Rxa3 Rcc7 25. Ra6 Rfe7 26. R1a2 c5 27.
dxc5 Qxc5 28. Qd4 h6 29. Kf2 Rc6 30. Qxc5 Rxc5 31. Ke2 Rcc7 32. Kd3 Kf7 33. Rd6
Red7 34. c4 Ke7 35. Raa6 dxc4+ 36. bxc4 Rb7 37. Kd4 g5 38. Kc5 Rdc7+ 39. Rac6
Rxc6+ 40. Kxc6 Rb6+ 41. Kc7 Rb4 42. c5 Rb3 43. Rd7+ Ke8 44. Rh7 Rxe3 45. Kd6 f4
46. c6 Rd3+ 47. Kxe6 Kd8 48. Rd7+ Rxd7 49. cxd7 1-0

[Event "XXV Memorial Edoardo Crespi A"]
[Site "Milano ITA"]
[Date "2004.12.05"]
[Round "3"]
[White "Aranovitch, Emiliano"]
[Black "Petrini, Roberto"]
[Result "1-0"]
[WhiteElo "2304"]
[BlackElo "2074"]
[PlyCount "149"]
[EventDate "2004.12.04"]

1. e4 e5 2. Nf3 Nc6 3. Bb5 a6 4. Ba4 Nf6 5. O-O b5 6. Bb3 Bc5 7. Nxe5 Nxe5 8.
d4 Bxd4 9. Qxd4 d6 10. f4 c5 11. Qd1 c4 12. fxe5 dxe5 13. Qxd8+ Kxd8 14. Bg5
Ke7 15. Nc3 Be6 16. Rf2 cxb3 17. axb3 Rhd8 18. Raf1 Rd4 19. Bxf6+ gxf6 20. Rxf6
Rc8 21. R6f2 Kf8 22. Re1 b4 23. Na4 Rc6 24. h3 Ke7 25. Rfe2 Rd8 26. Rf2 Rdc8
27. Ree2 Rg8 28. Kf1 Rd8 29. Rd2 Rdc8 30. Ke1 Rf8 31. Kd1 h5 32. Rf3 h4 33.
Rff2 Rg8 34. Ke1 Rgc8 35. Rfe2 Rg8 36. Kf2 Rgc8 37. Kg1 Rg8 38. Kh2 Rg3 39. Rf2
Re3 40. Rfe2 Rg3 41. Rd1 Rg8 42. Rd3 Rgc8 43. Rdd2 Rg8 44. Re3 Rgc8 45. c4 bxc3
46. Nxc3 Bxb3 47. Nd5+ Bxd5 48. exd5 Rc2 49. Rxe5+ Kd6 50. Ree2 Rxd2 51. Rxd2
Rc5 52. g3 hxg3+ 53. Kxg3 Rc4 54. h4 a5 55. h5 f5 56. Rh2 Rg4+ 57. Kf3 Kxd5 58.
h6 Rg8 59. h7 Rh8 60. Kf4 Ke6 61. Rh6+ Kf7 62. Kxf5 Kg7 63. Kg5 Kf7 64. Rh2 Kg7
65. Rh1 Kf7 66. Kf5 Kg7 67. Ke6 Re8+ 68. Kd7 Rh8 69. b3 Kf7 70. Kc7 Kg7 71. Kb7
Kf7 72. Kb6 a4 73. bxa4 Kg7 74. Kb7 Kf7 75. a5 1-0

[Event "XXV Memorial Edoardo Crespi A"]
[Site "Milano ITA"]
[Date "2004.12.05"]
[Round "3"]
[White "Barlocco, Carlo"]
[Black "Pulvirenti, Gianni"]
[Result "1-0"]
[WhiteElo "2108"]
[BlackElo "1907"]
[PlyCount "75"]
[EventDate "2004.12.04"]

1. d4 Nf6 2. Nc3 g6 3. e4 d6 4. f4 c6 5. Nf3 Bg7 6. a4 Qc7 7. Bc4 e6 8. O-O O-O
9. Kh1 d5 10. Bb3 dxe4 11. Ng5 b6 12. Ncxe4 Nxe4 13. Nxe4 Bb7 14. Ng5 h6 15.
Nf3 Nd7 16. Qe1 c5 17. c3 Bxf3 18. Rxf3 cxd4 19. cxd4 Bxd4 20. f5 exf5 21. Bxh6
Bg7 22. Qh4 Rac8 23. Rh3 Nf6 24. Bxg7 Qc1+ 25. Bd1 Nh5 26. Rxc1 Rxc1 27. Qd4
Nxg7 28. Rc3 Ne6 29. Qd2 Ra1 30. h3 Rd8 31. Rd3 Rc8 32. Kh2 Rcc1 33. Bf3 Rh1+
34. Kg3 f4+ 35. Kg4 Kh7 36. Rd7 Kg8 37. Bd5 Rhd1 38. Qc3 1-0

[Event "XXV Memorial Edoardo Crespi A"]
[Site "Milano ITA"]
[Date "2004.12.05"]
[Round "3"]
[White "Bernago, Federico"]
[Black "Arboscelli, Gregorio"]
[Result "1/2-1/2"]
[WhiteElo "1999"]
[BlackElo "1894"]
[PlyCount "35"]
[EventDate "2004.12.04"]

1. e4 c5 2. c3 e6 3. d4 d5 4. exd5 exd5 5. Nf3 Nc6 6. Be3 cxd4 7. Nxd4 Bd6 8.
Be2 Nge7 9. O-O O-O 10. Bg5 Nxd4 11. Qxd4 Nf5 12. Bxd8 Nxd4 13. cxd4 Rxd8 14.
Nc3 Be6 15. Nb5 Be7 16. Rac1 a6 17. Nc3 Bf6 18. Rcd1 1/2-1/2

[Event "XXV Memorial Edoardo Crespi A"]
[Site "Milano ITA"]
[Date "2004.12.05"]
[Round "3"]
[White "Bosi, Clint"]
[Black "Rezzonico, Paolo"]
[Result "1/2-1/2"]
[WhiteElo "1990"]
[BlackElo "2000"]
[PlyCount "22"]
[EventDate "2004.12.04"]

1. e4 c5 2. Nf3 Nc6 3. d4 cxd4 4. Nxd4 Nf6 5. Nc3 e5 6. Ndb5 d6 7. Bg5 a6 8.
Bxf6 gxf6 9. Na3 Be6 10. Nd5 Bxd5 11. exd5 Ne7 1/2-1/2

[Event "XXV Memorial Edoardo Crespi A"]
[Site "Milano ITA"]
[Date "2004.12.05"]
[Round "3"]
[White "Brigati, Alessandro"]
[Black "Rossi, Giampiero"]
[Result "0-1"]
[WhiteElo "1915"]
[BlackElo "2022"]
[PlyCount "64"]
[EventDate "2004.12.04"]

1. Nf3 d5 2. g3 c6 3. Bg2 Nf6 4. d3 Bf5 5. O-O h6 6. b3 e6 7. Bb2 Nbd7 8. Nbd2
Be7 9. Re1 O-O 10. e4 Bh7 11. e5 Ne8 12. Bh3 Nc7 13. Rc1 Re8 14. Qe2 Nf8 15.
Kh1 Qd7 16. Ng1 a5 17. f4 a4 18. Ngf3 axb3 19. axb3 Ra2 20. Rb1 Rea8 21. g4 c5
22. Nf1 d4 23. Ng3 Nd5 24. Qd2 Ng6 25. Nh5 Nh4 26. Rf1 Ne3 27. Rf2 Nxf3 28.
Rxf3 Qd5 29. Bg2 Rxb2 30. Rc1 Nxg2 31. Qxg2 Raa2 32. f5 Rxc2 0-1

[Event "XXV Memorial Edoardo Crespi A"]
[Site "Milano ITA"]
[Date "2004.12.05"]
[Round "3"]
[White "Brugo, Marco"]
[Black "Bevilacqua, Maurizio"]
[Result "0-1"]
[WhiteElo "1907"]
[BlackElo "2165"]
[PlyCount "112"]
[EventDate "2004.12.04"]

1. d4 Nf6 2. c4 e6 3. Nf3 b6 4. Nc3 Bb7 5. e3 Bb4 6. Bd2 O-O 7. Bd3 d5 8. O-O
Nbd7 9. Rc1 c6 10. a3 Bd6 11. e4 dxe4 12. Nxe4 Nxe4 13. Bxe4 Nf6 14. Bg5 h6 15.
Bxf6 Qxf6 16. Qe2 Rac8 17. Ne5 Qe7 18. Rfd1 Rfd8 19. Rc3 Qc7 20. Rcd3 Re8 21.
Qh5 Re7 22. Rg3 f5 23. Bf3 Bxe5 24. dxe5 Qxe5 25. Be2 c5 26. Rgd3 Kh7 27. b3
Rcc7 28. Bf3 Bxf3 29. Qxf3 Rcd7 30. h3 Rd4 31. Re3 Qf6 32. Rde1 g6 33. Re5 Kg7
34. Qc6 Rd1 35. Kf1 Rxe1+ 36. Rxe1 Qd4 37. Qf3 Kf7 38. Rd1 Qb2 39. a4 Qc2 40.
g4 Kf6 41. gxf5 gxf5 42. Qh5 Kg7 43. Qf3 Qb2 44. Qd3 Kf6 45. Qe3 Kg7 46. Qd3
Qf6 47. Qd8 Kf7 48. Qd3 Qg5 49. Ke2 Qh4 50. Rg1 Kf6 51. Qc3+ Qd4 52. Qg3 Qe4+
53. Kf1 Re8 54. Qg6+ Ke7 55. Qxh6 Qb1+ 56. Kg2 Rg8+ 0-1

[Event "XXV Memorial Edoardo Crespi A"]
[Site "Milano ITA"]
[Date "2004.12.05"]
[Round "3"]
[White "Brunello, Sabino"]
[Black "Guanciale, Orazio"]
[Result "1-0"]
[WhiteElo "2258"]
[BlackElo "2105"]
[PlyCount "93"]
[EventDate "2004.12.04"]

1. e4 e6 2. d4 d5 3. e5 c5 4. c3 Qb6 5. Nf3 Nc6 6. a3 a5 7. Bd3 Bd7 8. Bc2 a4
9. O-O Nh6 10. Bxa4 Nxe5 11. Bxd7+ Nxd7 12. c4 dxc4 13. d5 Qb3 14. Qe1 Ra6 15.
Nc3 Be7 16. Bf4 O-O 17. Qc1 e5 18. Nd2 Qb6 19. Nxc4 Qf6 20. Bg3 Nf5 21. Ne4 Qg6
22. Nxe5 Nxe5 23. Bxe5 Nd4 24. Ng3 Nb3 25. Qc3 Nxa1 26. Rxa1 Bd6 27. Re1 f6 28.
Bxd6 Rxd6 29. Qxc5 Rfd8 30. Rd1 Qf7 31. Nf5 R6d7 32. g3 Qh5 33. Ne3 Qf3 34. Qc2
g6 35. Rd4 Qh5 36. Re4 f5 37. Rb4 Qg5 38. Qb3 Qe7 39. Rc4 Rf8 40. Rd4 g5 41.
d6+ Qf7 42. Qxf7+ Rfxf7 43. Rd5 f4 44. Ng4 Kf8 45. Ne5 f3 46. Nxd7+ Rxd7 47.
Rxg5 1-0

[Event "XXV Memorial Edoardo Crespi A"]
[Site "Milano ITA"]
[Date "2004.12.05"]
[Round "3"]
[White "Canova, Luca"]
[Black "Papale, Carmelo"]
[Result "1-0"]
[WhiteElo "2047"]
[BlackElo "1924"]
[PlyCount "107"]
[EventDate "2004.12.04"]

1. e4 c5 2. Nf3 d6 3. d4 cxd4 4. Nxd4 Nf6 5. Nc3 a6 6. Be3 e5 7. Nb3 Be7 8. f3
Be6 9. Qd2 O-O 10. O-O-O Nc6 11. g4 Rc8 12. g5 Nd7 13. Rg1 Na5 14. Kb1 Nc4 15.
Bxc4 Rxc4 16. Nd5 Bxd5 17. Qxd5 b5 18. h4 Nb6 19. Qb7 Na4 20. Qxa6 Qc7 21. Rg2
Rc8 22. Rc1 Nxb2 23. Kxb2 Ra4 24. Qxb5 Qc3+ 25. Kb1 Rcc4 26. Qe8+ Bf8 27. Bd2
Qxf3 28. Rgg1 Qxe4 29. g6 hxg6 30. h5 Ra8 31. Qd7 gxh5 32. Qh3 Qh4 33. Qd3 Qe4
34. Qh3 h4 35. Bg5 Qc6 36. Qg2 Qxg2 37. Rxg2 Rca4 38. c3 h3 39. Rh2 f6 40. Be3
g5 41. Rxh3 Rxa2 42. Rg1 Kf7 43. Bxg5 fxg5 44. Rxg5 Rf2 45. Rh7+ Kf6 46. Rg8
Ke6 47. Rhh8 Rb8 48. Kc1 Kd5 49. Nd2 Ra8 50. c4+ Kd4 51. Rh4+ Kc3 52. Ne4+ Kb3
53. Rg3+ Kb4 54. Nxf2 1-0